K DUÁLNEJ STRATÉGII REFORMY. : KTO JE KOMPETENTNÝ ?

Bibliographic Details
Main Author: Miloš D. Plachtinský (Author)
Format: Article
Language:Slovak
Subjects:

MARC

LEADER 00000naa a2200000 a 4500
001 vtls011847556
003 SK-MaSNL
005 20260302133653.0
008 210910|1990 xo |||||||||||||||||slo|
015 |a SNBCL 
035 |a (urnnbn)urn:nbn:sk:snk:ar-008rqq 
035 |a urn:nbn:sk:snk-aaw3dg 
035 |a (uuid)73397b37-ea7a-43b1-b0b4-68cd4230037c 
040 |a SNKBUCL  |b slo  |c SNKBUCL  |e AACR2 
041 |a slo 
044 |a xo  |c SK 
100 1 |a Miloš D. Plachtinský  |4 aut  |9 793148 
245 1 0 |a K DUÁLNEJ STRATÉGII REFORMY. :  |b KTO JE KOMPETENTNÝ ?  |c Miloš D. Plachtinský 
336 |a text  |b txt  |c rdacontent 
337 |a bez média  |b n  |c rdamedia 
338 |a zväzok  |b nc  |c rdacarrier 
655 7 |a články zo zborníkov  |2 snkbucl  |9 166140 
773 0 |t Za novú kvalitu Česko-slovenskej federácie  |d Banská Bystrica : Nezávislé združenie ekonómov Slovenska, 1990  |g S. 7-13 
958 |a OND 
958 |a article26 
958 |a chapter 
999 |c 1318021  |d 1319951